00319nam a2200133Ia 4500008004100000100002000041245003200061250001200093260003400105300000800139650001400147942000700161999001700168190216s9999||||xx |||||||||||||| ||und|| aKamaludheen. Ta 0aTheory Of Economic Planning a1st Ed. bKerala Bhasha Institutec1971 a240 aEconomics cBK c38192d38192